Технология укладки асфальтобетонных смесей при строительстве многополосных дорожных покрытий (Запись № 12156750)
[ простой вид ]
| 000 -МАРКЕР | |
|---|---|
| контрольное поле | 02620nam0a2200313 i 4500 |
| 001 - ИДЕНТИФИКАТОР ЗАПИСИ | |
| контрольное поле | RU\NLR\BIBL_A\011249087 |
| 005 - ИДЕНТИФИКАТОР ВЕРСИИ | |
| контрольное поле | 20260406024122.0 |
| 010 ## - МЕЖДУНАРОДНЫЙ СТАНДАРТНЫЙ НОМЕР КНИГИ (ISBN) | |
| Номер (ISBN) | 9785826515471 |
| Тираж | 300 |
| 021 ## - НОМЕР ГОСУДАРСТВЕННОЙ РЕГИСТРАЦИИ | |
| Код страны | Российская Федерация |
| Номер | 2016-75650 |
| Номер Листа государственной регистраци | 4914 |
| 035 ## - ДРУГИЕ СИСТЕМНЫЕ НОМЕРА | |
| Идентификатор записи | (NLR Aleph) 011249087 |
| 100 ## - ДАННЫЕ ОБЩЕЙ ОБРАБОТКИ | |
| Данные общей обработки | 20161017d2016 u y0rusy50 ca |
| 101 0# - ЯЗЫК РЕСУРСА | |
| Язык текста, звукозаписи и т.д. | русский |
| 102 ## - СТРАНА ПУБЛИКАЦИИ ИЛИ ПРОИЗВОДСТВА | |
| Страна публикации | Российская Федерация |
| 105 ## - ПОЛЕ КОДИРОВАННЫХ ДАННЫХ: ТЕКСТОВЫЕ МАТЕРИАЛЫ, МОНОГРАФИЧЕСКИЕ | |
| Кодированные данные о монографическом текстовом документе | a j 000yy |
| 200 1# - ЗАГЛАВИЕ И СВЕДЕНИЯ ОБ ОТВЕТСТВЕННОСТИ | |
| Основное заглавие | Технология укладки асфальтобетонных смесей при строительстве многополосных дорожных покрытий |
| Сведения, относящиеся к заглавию | учебное пособие для студентов вузов, обучающихся по направлению подготовки магистров "Строительство" (программа магистерской подготовки: "Проектирование, строительство и эксплуатацияавтомобильных дорог") и по специальности "Строительсьво, эксплуатация, восстановление и техническое прикрытие автомобильных дорог, мостов и тоннелей" (специализация: "Строительсьво (реконструкция), эксплуатация и техническое прикрытие автомобильных дорог") |
| Первые сведения об ответственности | А.Ф. Зубков, К.А. Андрианов, А.М. Макаров, Р.В. Куприянов |
| Последующие сведения об ответственности | М-во образования и науки Рос. Федерации, Федер. гос. бюджет. образоват. учреждение высш. образования "Тамбов. гос. техн. ун-т" |
| 210 ## - ПУБЛИКАЦИЯ, РАСПРОСТРАНЕНИЕ И ДР. | |
| Место издания, распространения и т.д. | Тамбов |
| Имя издателя, распространителя и т. д. | Изд-во ФГБОУ ВО "ТГТУ" |
| Дата издания, распространения и т.д. | 2016 |
| 215 ## - ФИЗИЧЕСКАЯ ХАРАКТЕРИСТИКА | |
| Специфическое обозначение материала и объем | 79 с. |
| Другие сведения о физической характеристике | ил. |
| Размеры | 21 |
| 320 ## - ПРИМЕЧАНИЯ О НАЛИЧИИ В ДОКУМЕНТЕ БИБЛИОГРАФИИ / УКАЗАТЕЛЯ | |
| Текст примечания | Библиогр. в конце глав |
| 606 1# - НАИМЕНОВАНИЕ ТЕМЫ КАК ПРЕДМЕТ | |
| Наименование темы | Асфальтобетон |
| Формальный подзаголовок | Учебные издания для высших учебных заведений |
| Тематический подзаголовок | Укладка |
| Системный номер авторитетной/нормативной записи | 1044134 |
| Идентификатор авторитетной/нормативной записи | RU\NLR\AUTH\6684528 |
| 686 1# - ИНДЕКСЫ ДРУГИХ КЛАССИФИКАЦИЙ | |
| Индекс | О311.45-064.204.4я73-1 |
| 701 #1 - ИМЯ ЛИЦА - АЛЬТЕРНАТИВНАЯ ОТВЕТСТВЕННОСТЬ | |
| Начальный элемент ввода | Зубков |
| Часть имени, кроме начального элемента ввода | А. Ф. |
| Расширение инициалов личного имени | Анатолий Федорович |
| 701 #1 - ИМЯ ЛИЦА - АЛЬТЕРНАТИВНАЯ ОТВЕТСТВЕННОСТЬ | |
| Начальный элемент ввода | Андрианов |
| Часть имени, кроме начального элемента ввода | К. А. |
| Расширение инициалов личного имени | Константин Анатольевич |
| 701 #1 - ИМЯ ЛИЦА - АЛЬТЕРНАТИВНАЯ ОТВЕТСТВЕННОСТЬ | |
| Материалы, к которым относится поле | rus |
| Графика поля | Кириллица |
| Начальный элемент ввода | Макаров |
| Часть имени, кроме начального элемента ввода | А. М. |
| Дополнения к именам, кроме дат | канд. техн. наук, строительство |
| Расширение инициалов личного имени | Александр Михайлович |
| Идентификатор авторитетной/нормативной записи | RU\NLR\AUTH\77125673 |
| Системный номер авторитетной/нормативной записи | 108598 |
| 701 #1 - ИМЯ ЛИЦА - АЛЬТЕРНАТИВНАЯ ОТВЕТСТВЕННОСТЬ | |
| Начальный элемент ввода | Куприянов |
| Часть имени, кроме начального элемента ввода | Р. В. |
| Расширение инициалов личного имени | Роман Валерьевич |
| 942 ## - ДОПОЛНИТЕЛЬНЫЕ ЭЛЕМЕНТЫ ЗАПИСИ (АБИС) | |
| Тип экземпляра АБИС | Книга |
| 980 ## - КОЛЛЕКЦИЯ | |
| Название коллекции | НБР |
Нет доступных экземпляров.